| 000 | 00732cam a22002413a 4500 | ||
|---|---|---|---|
| 001 | 6234 | ||
| 003 | PGUSA | ||
| 005 | 20140828083129.0 | ||
| 008 | 040801s2004||||xxu|||||s|||||000 1 eng d | ||
| 040 |
_aPGUSA _beng |
||
| 042 | _adc | ||
| 050 | 4 | _aPS | |
| 100 | 1 |
_aParker, Gilbert, _d1862-1932 |
|
| 245 | 1 | 4 |
_aThe Battle of the Strong : _bA Romance of Two Kingdoms — Volume 5 _h[electronic resource] / _cGilbert Parker |
| 260 |
_bProject Gutenberg, _c2004 |
||
| 506 | _aPublic domain in the USA. | ||
| 516 | _aElectronic text | ||
| 653 | _aChannel Islands -- Fiction | ||
| 653 | _aAnglo-French War, 1793-1802 -- Fiction | ||
| 830 | 0 |
_aProject Gutenberg _v6234 |
|
| 856 | 4 | 0 | _uhttp://www.gutenberg.org/ebooks/6234 |
| 942 | _cEB | ||
| 999 |
_c235557 _d235557 |
||